书目信息 |
| 题名: |
数字信号处理教程
|
|
| 作者: | 程佩青 编著 | |
| 分册: | ||
| 出版信息: | 北京 清华大学出版社 2001.08 |
|
| 页数: | 485页 | |
| 开本: | 26cm+光盘1CD | |
| 丛书名: | ||
| 单 册: | ||
| 中图分类: | TN914.3-43 | |
| 科图分类: | ||
| 主题词: | 通信系统 | |
| 电子资源: | ||
| ISBN: | 7-900631-67-4 | |
| 000 | 00608nam0 2200205 45 | |
| 001 | 0256869147 | |
| 005 | 2002052015474892 | |
| 010 | @a7-900631-67-4@b压膜@dRMB 39.80 | |
| 100 | @a20020520d2001 km y0chiy0120 ea | |
| 101 | 0 | @achi |
| 102 | @aCN@b110000 | |
| 200 | 1 | @a数字信号处理教程@Ashu zi xin hao chu li jiao cheng@f程佩青编著@Fcheng pei qing bian zhu |
| 205 | @a2版 | |
| 210 | @a北京@c清华大学出版社@d2001.08 | |
| 215 | @a485页@d26cm+光盘1CD | |
| 606 | 0 | @a通信系统 |
| 690 | @aTN914.3-43@v3 | |
| 701 | 0 | @a程佩青@Acheng pei qing@4编著 |
| 801 | 0 | @aCN@bPFT@c20020520 |
| 905 | @a安徽大学@dTN914.3-43@eC750 | |
| 数字信号处理教程/程佩青编著.-2版.-北京:清华大学出版社,2001.08 |
| 485页;26cm+光盘1CD |
| ISBN 7-900631-67-4(压膜):RMB 39.80 |
| ● |
| 相关链接 |
|
|
|
正题名:数字信号处理教程
索取号:TN914.3-43/C750
 
预约/预借
| 序号 | 登录号 | 条形码 | 馆藏地/架位号 | 状态 | 备注 |
| 1 | 354529 | 203545299 | 自科二线504/504自科库 8排1列3层/ [索取号:TN914.3-43/C750] | 在馆 | |
| 2 | 354530 | 203545306 | 自科二线504/504自科库 8排1列3层/ [索取号:TN914.3-43/C750] | 在馆 | |
| 3 | 359828 | 203598286 | 自科库301/301自科库 37排4列4层/ [索取号:TN914.3-43/C750] | 在馆 | |
| 4 | 359829 | 203598295 | 自科库301/301自科库 37排4列4层/ [索取号:TN914.3-43/C750] | 在馆 | |
| 5 | 359830 | 203598302 | 自科库301/301自科库 37排4列4层/ [索取号:TN914.3-43/C750] | 在馆 |